|
|
|
|
| LEADER |
07128nam a2200637 a 4500 |
| 001 |
14396879 |
| 003 |
BD-DhAAL |
| 005 |
20250619114214.0 |
| 008 |
090617r20082008maua 001 0 eng d |
| 010 |
|
|
|a 2006018157
|
| 020 |
|
|
|a 0073030228 (student edition : alk. paper)
|
| 020 |
|
|
|a 0073030236 (instructor's edition : alk. paper)
|
| 020 |
|
|
|a 9780073030227 (student edition : alk. paper)
|
| 020 |
|
|
|a 9780073030234 (instructor's edition : alk. paper)
|
| 020 |
|
|
|a 9780070667075
|
| 020 |
|
|
|a 0070667071
|
| 040 |
|
|
|a DLC
|c DLC
|d BAKER
|d C#P
|d BTCTA
|d NLGGC
|d YDXCP
|d DLC
|d BD-DhAAL
|
| 082 |
0 |
0 |
|a 519.5
|2 22
|
| 100 |
1 |
|
|a Lind, Douglas A.
|9 10932
|
| 245 |
1 |
0 |
|a Statistical techniques in business & economics /
|c Douglas A. Lind, William G. Marchal, Samuel A. Wathen.
|
| 246 |
3 |
|
|a Statistical techniques in business and economics
|
| 250 |
|
|
|a Thirteen edition.
|
| 260 |
|
|
|a Boston ;
|a New Delhi :
|b McGraw-Hill/Irwin;
|b Tata McGraw-Hill/Irwin,
|c c2008 [reprinted 2008].
|
| 300 |
|
|
|a xix, 860 pages :
|b col. illustrations ;
|c 28 cm.
|
| 490 |
|
4 |
|a The McGraw-Hill/Irwin series operations and decision sciences
|
| 504 |
|
|
|a Includes index.
|
| 526 |
|
|
|x Fahmida Saadia Rahman
Sr. Lecturer
Department of ESS.
Course name and no. N/A (STA 501)
Prof. Mojib Uddin Ahmed
Director (MBA Program)
Department of BBS
Course name and no. N/A
|
| 541 |
1 |
|
|e 00018616
|
| 650 |
|
0 |
|a Social sciences
|x Statistical methods.
|9 10933
|
| 650 |
|
0 |
|a Economics
|x Statistical methods.
|9 10934
|
| 650 |
|
0 |
|a Commercial statistics.
|9 7072
|
| 700 |
1 |
|
|a Marchal, William G.
|9 10935
|
| 700 |
1 |
|
|a Wathen, Samuel Adam.
|9 10936
|
| 852 |
4 |
|
|a Ayesha Abed Library
|j General Shelf.
|
| 942 |
|
|
|2 ddc
|c BK
|0 2
|
| 999 |
|
|
|c 1890
|d 1890
|
| 952 |
|
|
|0 0
|1 0
|2 ddc
|4 0
|6 519_500000000000000_LIN_2008
|7 0
|9 8596
|a BRACUL
|b BRACUL
|c GEN
|d 2010-03-15
|e D.S. Books International
|g 1358.00
|l 16
|m 93
|o 519.5 LIN
|p 3010018613
|r 2024-02-06
|s 2024-01-17
|t 12
|w 2010-03-15
|y BK
|x Requisitioned by Prof. Mojib Uddin Ahmed, Department of BBS; MBA Program. Course name and no. N/A
|
| 952 |
|
|
|0 0
|1 0
|2 ddc
|4 0
|6 519_500000000000000_LIN_2008
|7 0
|9 8939
|a BRACUL
|b BRACUL
|c GEN
|d 2010-04-04
|e D.S. Books International
|g 7500.00
|l 20
|m 140
|o 519.5 LIN
|p 3010018605
|r 2025-09-21
|s 2025-06-18
|t 4
|w 2010-04-04
|y BK
|x Requisitioned by Fahmida Saadia Rahman Department of ESS. Course name and no. N/A (STA 501)
|
| 952 |
|
|
|0 0
|1 0
|2 ddc
|4 0
|6 519_500000000000000_LIN_2008
|7 0
|9 14235
|a BRACUL
|b BRACUL
|c GEN
|d 2011-01-27
|e D.S. Books International
|g 1358.00
|l 21
|m 164
|o 519.5 LIN
|p 3010018608
|r 2024-01-29
|s 2023-10-05
|t 7
|w 2011-01-27
|y BK
|x Requisitioned by Prof. Mojib Uddin Ahmed, Department of BBS; MBA Program. Course name and no. N/A
|
| 952 |
|
|
|0 0
|1 0
|2 ddc
|4 0
|6 519_500000000000000_LIN
|7 0
|9 14473
|a BRACUL
|b BRACUL
|c GEN
|d 2011-02-27
|e D.S. Books International
|g 7500.00
|l 19
|m 118
|o 519.5 LIN
|p 3010018604
|r 2025-08-02
|s 2025-07-26
|t 3
|w 2011-02-27
|y BK
|x Requisitioned by Fahmida Saadia Rahman Department of ESS. Course name and no. N/A (STA 501)
|
| 952 |
|
|
|0 0
|1 0
|2 ddc
|4 0
|6 519_500000000000000_LIN
|7 0
|9 17535
|a BRACUL
|b BRACUL
|c GEN
|d 2011-07-19
|e D.S. Books International
|g 1358.00
|l 11
|m 100
|o 519.5 LIN
|p 3010018612
|r 2023-05-31
|s 2023-05-31
|t 11
|w 2011-07-19
|y BK
|x Requisitioned by Prof. Mojib Uddin Ahmed, Department of BBS; MBA Program. Course name and no. N/A (Lost and cost paid by ID:23105020 TI-TRXID: 525114004451)
|
| 952 |
|
|
|0 0
|1 0
|2 ddc
|4 0
|6 519_500000000000000_LIN
|7 0
|9 17894
|a BRACUL
|b BRACUL
|c GEN
|d 2011-08-23
|e D.S. Books International
|g 7500.00
|l 13
|m 99
|o 519.5 LIN
|p 3010018602
|r 2025-02-18
|s 2024-10-30
|t 1
|w 2011-08-23
|y BK
|x Requisitioned by Fahmida Saadia Rahman Department of ESS. Course name and no. N/A (STA 501)
|
| 952 |
|
|
|0 0
|1 0
|2 ddc
|4 0
|6 519_500000000000000_LIN
|7 0
|9 17895
|a BRACUL
|b BRACUL
|c GEN
|d 2011-08-23
|e D.S. Books International
|g 7500.00
|l 7
|m 49
|o 519.5 LIN
|p 3010018603
|r 2020-02-18
|s 2019-10-02
|t 2
|w 2011-08-23
|y BK
|x Requisitioned by Fahmida Saadia Rahman Department of ESS. Course name and no. N/A (STA 501)
|
| 952 |
|
|
|0 0
|1 0
|2 ddc
|4 0
|6 519_500000000000000_LIN
|7 0
|9 17896
|a BRACUL
|b BRACUL
|c GEN
|d 2011-08-23
|e D.S. Books International
|g 1358.00
|l 16
|m 110
|o 519.5 LIN
|p 3010018607
|r 2024-06-06
|s 2024-05-30
|t 6
|w 2011-08-23
|y BK
|x Requisitioned by Prof. Mojib Uddin Ahmed, Department of BBS; MBA Program. Course name and no. N/A
|
| 952 |
|
|
|0 0
|1 0
|2 ddc
|4 0
|6 519_500000000000000_LIN
|7 0
|9 17897
|a BRACUL
|b BRACUL
|c GEN
|d 2011-08-23
|e D.S. Books International
|g 1358.00
|l 10
|m 118
|o 519.5 LIN
|p 3010018609
|r 2025-08-10
|s 2020-02-20
|t 8
|w 2011-08-23
|y BK
|x Requisitioned by Prof. Mojib Uddin Ahmed, Department of BBS; MBA Program. Course name and no. N/A
|
| 952 |
|
|
|0 0
|1 0
|2 ddc
|4 0
|6 519_500000000000000_LIN
|7 0
|9 17905
|a BRACUL
|b BRACUL
|c GEN
|d 2011-08-23
|e D.S. Books International
|g 1358.00
|l 15
|m 143
|o 519.5 LIN
|p 3010018610
|r 2026-03-29
|s 2026-03-03
|t 9
|w 2011-08-23
|y BK
|x Requisitioned by Prof. Mojib Uddin Ahmed, Department of BBS; MBA Program. Course name and no. N/A
|
| 952 |
|
|
|0 0
|1 0
|2 ddc
|4 0
|6 519_500000000000000_LIN
|7 0
|9 17906
|a BRACUL
|b BRACUL
|c GEN
|d 2011-08-23
|e D.S. Books International
|g 1358.00
|l 14
|m 141
|o 519.5 LIN
|p 3010018611
|r 2024-05-16
|s 2024-01-25
|t 10
|w 2011-08-23
|y BK
|x Requisitioned by Prof. Mojib Uddin Ahmed, Department of BBS; MBA Program. Course name and no. N/A
|
| 952 |
|
|
|0 0
|1 0
|2 ddc
|4 0
|6 519_500000000000000_LIN
|7 0
|9 53681
|a BRACUL
|b BRACUL
|c GEN
|d 2015-05-12
|e D.S. Books International
|g 1358.00
|l 8
|m 115
|o 519.5 LIN
|p 3010018616
|r 2023-12-28
|s 2023-05-31
|t 15
|w 2015-05-12
|y BK
|x Requisitioned by Prof. Mojib Uddin Ahmed, Department of BBS; MBA Program. Course name and no. N/A
|
| 952 |
|
|
|0 0
|1 0
|2 ddc
|4 0
|6 519_500000000000000_LIN
|7 0
|9 53682
|a BRACUL
|b BRACUL
|c GEN
|d 2015-05-12
|e D.S. Books International
|g 1358.00
|l 10
|m 91
|o 519.5 LIN
|p 3010018615
|r 2023-10-30
|s 2023-09-27
|t 14
|w 2015-05-12
|y BK
|x Requisitioned by Prof. Mojib Uddin Ahmed, Department of BBS; MBA Program. Course name and no. N/A
|
| 952 |
|
|
|0 0
|1 0
|2 ddc
|4 0
|6 519_500000000000000_LIN
|7 0
|9 53683
|a BRACUL
|b BRACUL
|c GEN
|d 2015-05-12
|e D.S. Books International
|g 1358.00
|l 9
|m 150
|o 519.5 LIN
|p 3010018606
|r 2026-02-19
|s 2025-10-18
|t 5
|w 2015-05-12
|y BK
|x Requisitioned by Prof. Mojib Uddin Ahmed, Department of BBS; MBA Program. Course name and no. N/A
|
| 952 |
|
|
|0 0
|1 0
|2 ddc
|4 0
|6 519_500000000000000_LIN
|7 0
|9 53684
|a BRACUL
|b BRACUL
|c GEN
|d 2015-05-12
|e D.S. Books International
|g 1358.00
|l 7
|m 38
|o 519.5 LIN
|p 3010018614
|r 2024-03-23
|s 2024-02-11
|t 13
|w 2015-05-12
|y BK
|x Requisitioned by Prof. Mojib Uddin Ahmed, Department of BBS; MBA Program. Course name and no. N/A (STA 501)
|
| 952 |
|
|
|0 0
|1 0
|2 ddc
|4 0
|6 519_500000000000000_LIN
|7 0
|9 62200
|a BRACUL
|b BRACUL
|c AV
|d 2015-05-12
|l 0
|o 519.5 LIN
|p 4010018615
|r 2017-12-07
|t 1
|w 2015-05-12
|y AV
|
| 952 |
|
|
|0 0
|1 0
|2 ddc
|4 0
|6 519_500000000000000_LIN
|7 0
|9 62201
|a BRACUL
|b BRACUL
|c AV
|d 2015-05-12
|l 0
|o 519.5 LIN
|p 4010018614
|r 2017-12-07
|t 2
|w 2015-05-12
|y AV
|
| 952 |
|
|
|0 0
|1 0
|2 ddc
|4 0
|6 519_500000000000000_LIN
|7 0
|9 62202
|a BRACUL
|b BRACUL
|c AV
|d 2015-05-12
|l 0
|o 519.5 LIN
|p 4010018616
|r 2017-12-07
|t 3
|w 2015-05-12
|y AV
|
| 952 |
|
|
|0 0
|1 0
|2 ddc
|4 0
|6 519_500000000000000_LIN
|7 0
|9 62203
|a BRACUL
|b BRACUL
|c AV
|d 2011-07-19
|l 0
|o 519.5 LIN
|p 4010018612
|r 2017-12-07
|t 4
|w 2011-07-19
|y AV
|
| 952 |
|
|
|0 0
|1 0
|2 ddc
|4 0
|6 519_500000000000000_LIN_2008
|7 0
|9 62217
|a BRACUL
|b BRACUL
|c AV
|d 2010-03-15
|l 0
|o 519.5 LIN
|p 4010018613
|r 2017-12-07
|t 5
|w 2010-03-15
|y AV
|